000
00320cam a2200133ua 4500
041
_a
eng
_h
082
_a
822
_b
WEB/DU
100
_a
Webster, John.
245
_a
Duches of Malfi /
_c
Webster.
_h
Textual Documents
260
_a
London :
_b
Chatto& Windus ,
_c
1958.
300
_a
223 ; .
504
_a
999
_c
11452
_d
11452